OXOYOZOmania - 15 sek Challenge - Sudden Death - Statistiken

Allgemein
  • Dieses Quiz wurde 81 mal gespielt
  • Das Durchschnittsergebnis liegt bei 22 aus 30
Answers on the Grid
Answers color-coded by a green-red scale on the quiz's grid according to % correct below.
O
O
O
O
O
O
O
O
O
O
O
O
O
O
O
O
O
O
O
O
O
O
O
O
O
O
O
O
O
O
B
C
D
E
G
J
P
Q
R
S
T
U
V
W
X
Y
Z
A
H
Ö
Ü
Ä
ß
F
H
I
K
L
M
N
 
Antwortstatistiken
Antwort % Korrekt
O
86%
O
83%
O
83%
O
81%
O
81%
O
81%
O
78%
O
78%
O
78%
O
75%
O
75%
O
75%
O
75%
O
75%
O
75%
O
75%
O
72%
O
72%
O
72%
O
69%
O
69%
O
69%
O
69%
O
69%
O
67%
O
67%
O
64%
O
64%
O
64%
O
61%
Keine übereinstimmenden Quizze gefunden
Verteilung der Resultate
Anzahl Personen mit jedem Resultat
Perzentil nach korrekt beantworteten Fragen
Ihre Resultats-Entwicklung
Sie haben dieses Quiz noch nicht gespielt